| 000 | 00569nam a22002177a 4500 | ||
|---|---|---|---|
| 999 |
_c5778 _d5778 |
||
| 003 | OSt | ||
| 005 | 20220413162628.0 | ||
| 008 | 170329b xxu||||| |||| 00| 0 eng d | ||
| 020 | _a9812387447 | ||
| 040 | _cDDC. | ||
| 082 | _a539.7 DAS 2003. | ||
| 100 |
_aDas, A; Ferbel, T; _912006 |
||
| 245 | _aIntroduction to Nuclear and Particle physics: | ||
| 250 | _a2nd ed | ||
| 260 |
_aNew Jersey; _bWorld Scientists, _c2003. |
||
| 300 |
_axv,399p; _bill: _c24cm. |
||
| 504 | _aincludes index. | ||
| 650 |
_aNuclear _9809 |
||
| 650 |
_aPhysics _9809 |
||
| 942 |
_2ddc _cO_SHELF |
||